| 000 | 01066cam a2200265 i 4500 | ||
|---|---|---|---|
| 999 |
_c58409 _d58409 |
||
| 001 | 21463939 | ||
| 005 | 20221106124613.0 | ||
| 006 | m |o d | | ||
| 007 | cr ||||||||||| | ||
| 008 | 200218t20202020enk ob 001 0 eng | ||
| 020 | _a9780367140175x | ||
| 041 | _aeng | ||
| 080 | _a372 J-78 | ||
| 100 | 1 |
_aJosephidou, Jo _913415 |
|
| 245 | 1 | 0 |
_aUnderstanding gender and early childhood : _ban introduction to the key debates / _cJo Josephidou and Polly Bolshaw. |
| 264 | 4 |
_c2020. _aLondon : _bRoutledge, Taylor & Francis Group, |
|
| 300 |
_a171 p. _b24 cm. |
||
| 650 | 0 |
_aEarly childhood education _xSocial aspects. _913416 |
|
| 653 | _aსქესობრივი განსხვავებები განათლებაში | ||
| 653 | _aПоловые различия в образовании | ||
| 653 | _aსკოლამდელი ბავშვების განათლება | ||
| 653 | _aДошкольное образование | ||
| 700 | 1 |
_aBolshaw, Polly _eავტორი _913417 |
|
| 942 |
_2udc _cBK |
||